| 000 | 00381nam a2200145Ia 4500 | ||
|---|---|---|---|
| 005 | 20250729165805.0 | ||
| 008 | 250729s2007 xx 000 0 und d | ||
| 041 | _aeng | ||
| 082 | _a299.936 HUBS | ||
| 100 |
_aHubbard L Ron _9233057 |
||
| 245 | _aScientology : A New Slant on Life | ||
| 260 |
_aDenmark _bNew Era Publication _c2007 |
||
| 300 | _a371p | ||
| 650 |
_aReligion _9233058 |
||
| 999 |
_c240091 _d240091 |
||